[Event "Arco op 45th"]
[Site "Arco"]
[Date "2023.10.09"]
[Round "3"]
[White "Voll, Oddvar U"]
[Black "Huesmann, Thomas"]
[Result "0-1"]
[WhiteElo "1931"]
[BlackElo "2155"]
[PlyCount "72"]
[EventDate "2023.10.07"]
[EventType "swiss"]
[EventRounds "9"]
[EventCountry "ITA"]
[SourceTitle "Mega2024 Update 01"]
[Source "Chessbase"]
[SourceDate "2023.11.12"]
[SourceVersion "1"]
[SourceVersionDate "2023.11.12"]
[SourceQuality "1"]

1. e4 e5 2. Nf3 Nc6 3. d4 exd4 4. Bc4 Nf6 5. e5 Ng4 6. Bxf7+ Kxf7 7. Ng5+ Kg8 8. Qxg4 h6 9. Nf3 d6 10. Qe4 dxe5 11. Nxe5 Nxe5 12. Qxe5 Qe7 13. Qxe7 Bxe7 14. Bf4 Bf5 15. c3 c5 16. Be5 Rd8 17. 0-0 Kf7 18. Nd2 Bf6 19. Bxf6 Kxf6 20. cxd4 Rxd4 21. Nb3 Rd5 22. Rfc1 b6 23. f3 Rhd8 24. Kf2 a5 25. a4 Rd3 26. Ra3 Be6 27. Rc3 c4 28. Rxd3 Rxd3 29. Nc1 Rd2+ 30. Ne2 Rxb2 31. Ke1 Bf5 32. Kd1 g5 33. h3 Bd3 34. Nc3 Ke5 35. g3 Kd4 36. Nb5+ Ke3 0-1

[Event "Arco op 43rd"]
[Site "Arco"]
[Date "2021.10.17"]
[Round "9"]
[White "Voll, Oddvar U"]
[Black "Antoniacci, Ricardo"]
[Result "1-0"]
[WhiteElo "1932"]
[BlackElo "1672"]
[PlyCount "83"]
[EventDate "2021.10.09"]
[EventType "swiss"]
[EventRounds "9"]
[EventCountry "ITA"]
[SourceTitle "EXT 2023"]
[Source "ChessBase"]
[SourceDate "2022.10.05"]
[SourceVersion "1"]
[SourceVersionDate "2022.10.05"]
[SourceQuality "1"]

1. e4 c5 2. c3 d5 3. exd5 Qxd5 4. Nf3 Nf6 5. d4 Bg4 6. Be2 e6 7. 0-0 Be7 8. Be3 Nbd7 9. h3 Bh5 10. c4 Qc6 11. Nc3 cxd4 12. Nxd4 Bxe2 13. Qxe2 Qc8 14. b3 0-0 15. a3 Nc5 16. b4 Nce4 17. Nxe4 Nxe4 18. Bf4 f5 19. Be5 Bf6 20. Bxf6 gxf6 21. f3 e5 22. fxe4 exd4 23. Rxf5 Qe6 24. Rd5 a5 25. Rd1 axb4 26. axb4 Ra4 27. b5 f5 28. Qc2 Ra3 29. exf5 Qe3+ 30. Qf2 Ra2 31. Qxe3 dxe3 32. Re5 e2 33. Re1 Rc2 34. R1xe2 Rxc4 35. g4 Rb4 36. Kg2 Rf6 37. Re8+ Kg7 38. R2e7+ Kh6 39. Rxb7 Kg5 40. Kf3 Rd6 41. h4+ Kh6 42. g5+ 1-0

[Event "DEN-ch Kort 1-1"]
[Site "Svendborg"]
[Date "2019.04.15"]
[Round "4"]
[White "Voll, Oddvar U"]
[Black "Grotnes, Nils Ragnar"]
[Result "1/2-1/2"]
[WhiteElo "1914"]
[BlackElo "2180"]
[PlyCount "40"]
[EventDate "2019.04.13"]
[EventType "swiss"]
[EventRounds "5"]
[EventCountry "DEN"]
[SourceTitle "EXT 2020"]
[Source "ChessBase"]
[SourceDate "2019.10.17"]
[SourceVersion "1"]
[SourceVersionDate "2019.10.17"]
[SourceQuality "1"]

1. e4 c6 2. d4 d5 3. exd5 cxd5 4. c4 Nf6 5. Nf3 Nc6 6. Nc3 Bg4 7. cxd5 Nxd5 8. Be2 e6 9. 0-0 Be7 10. h3 Bh5 11. Qa4 0-0 12. Rd1 Nxc3 13. bxc3 Qa5 14. Qb3 Qc7 15. Be3 Rfd8 16. Rac1 Na5 17. Qb5 Rd5 18. Qa4 Nc6 19. c4 Ra5 20. Qb3 Ra3 1/2-1/2

[Event "Helsingor Xtracon op"]
[Site "Helsingor"]
[Date "2018.07.22"]
[Round "3"]
[White "Voll, Oddvar U"]
[Black "Bekker Jensen, David"]
[Result "0-1"]
[WhiteElo "1915"]
[BlackElo "2200"]
[PlyCount "48"]
[EventDate "2018.07.21"]
[EventType "swiss"]
[EventRounds "10"]
[EventCountry "DEN"]
[SourceTitle "CBM 185 Extra"]
[Source "ChessBase"]
[SourceDate "2018.07.29"]
[SourceVersion "1"]
[SourceVersionDate "2018.07.29"]
[SourceQuality "1"]

1. e4 c5 2. c3 Nf6 3. e5 Nd5 4. d4 cxd4 5. cxd4 d6 6. Nf3 Nc6 7. Bc4 Nb6 8. Bb3 d5 9. h3 Bf5 10. Nc3 e6 11. 0-0 Be7 12. Bc2 Bxc2 13. Qxc2 0-0 14. Be3 f6 15. exf6 Bxf6 16. Rad1 Nc4 17. Rfe1 Nd6 18. Bf4 Nf5 19. Nb5 Rc8 20. Rxe6 Nfxd4 21. Nbxd4 Nxd4 22. Nxd4 Rxc2 23. Nxc2 Qc8 24. Re2 Qc4 0-1

[Event "Helsingor Xtracon op"]
[Site "Helsingor"]
[Date "2018.07.21"]
[Round "1"]
[White "Voll, Oddvar U"]
[Black "Thybo, Jesper Sondergaard"]
[Result "0-1"]
[WhiteElo "1915"]
[BlackElo "2497"]
[PlyCount "98"]
[EventDate "2018.07.21"]
[EventType "swiss"]
[EventRounds "10"]
[EventCountry "DEN"]
[SourceTitle "CBM 185 Extra"]
[Source "ChessBase"]
[SourceDate "2018.07.29"]
[SourceVersion "1"]
[SourceVersionDate "2018.07.29"]
[SourceQuality "1"]

1. e4 c5 2. c3 g6 3. d4 cxd4 4. cxd4 d5 5. exd5 Nf6 6. Nc3 Bg7 7. Bc4 0-0 8. Nf3 Nbd7 9. 0-0 Nb6 10. Bb3 Nbxd5 11. Ne5 e6 12. Bg5 h6 13. Bh4 Ne7 14. f4 Nf5 15. Bf2 b5 16. Nxb5 Ba6 17. Bc4 Ne4 18. Qa4 Bxb5 19. Bxb5 Nxf2 20. Rxf2 Qxd4 21. Rd1 Qxa4 22. Bxa4 g5 23. g3 Ne3 24. Rd3 Bxe5 25. fxe5 Nc4 26. Re2 Rfd8 27. Rxd8+ Rxd8 28. Bb5 Nb6 29. b4 Rd1+ 30. Kf2 Nd5 31. Rb2 Rh1 32. Kf3 Re1 33. Be2 Rc1 34. Bd3 Kf8 35. Ke4 Ke7 36. b5 h5 37. Rc2 Nc3+ 38. Kd4 Nxb5+ 39. Kc5 Rxc2+ 40. Bxc2 Nc3 41. Kc4 Nxa2 42. Bd1 a5 43. Bxh5 Nb4 44. Bf3 Nc2 45. Be4 Ne3+ 46. Kd4 Nf1 47. Kc5 Nxh2 48. Kb5 Nf1 49. g4 Nh2 0-1

[Event "Helsingor Xtracon op"]
[Site "Helsingor"]
[Date "2017.07.28"]
[Round "8"]
[White "Vestby Ellingsen, Mads"]
[Black "Voll, Oddvar U"]
[Result "1-0"]
[WhiteElo "2175"]
[BlackElo "1942"]
[PlyCount "31"]
[EventDate "2017.07.22"]
[EventType "swiss"]
[EventRounds "10"]
[EventCountry "DEN"]
[SourceTitle "CBM 179 Extra"]
[Source "ChessBase"]
[SourceDate "2017.08.23"]
[SourceVersion "1"]
[SourceVersionDate "2017.08.23"]
[SourceQuality "1"]

1. e4 d5 2. exd5 Nf6 3. d4 e6 4. dxe6 Bxe6 5. Nf3 c5 6. Bb5+ Nbd7 7. 0-0 Bd6 8. d5 Bxd5 9. c4 Bxf3 10. Qxd6 Bg4 11. Re1+ Be6 12. f4 g6 13. f5 gxf5 14. Bg5 Ne4 15. Rxe4 Qxg5 16. Bxd7+ 1-0

[Event "Helsingor Xtracon op"]
[Site "Helsingor"]
[Date "2017.07.25"]
[Round "5"]
[White "Voll, Oddvar U"]
[Black "Laverton, Christian"]
[Result "1/2-1/2"]
[WhiteElo "1942"]
[BlackElo "2133"]
[PlyCount "114"]
[EventDate "2017.07.22"]
[EventType "swiss"]
[EventRounds "10"]
[EventCountry "DEN"]
[SourceTitle "CBM 179 Extra"]
[Source "ChessBase"]
[SourceDate "2017.08.23"]
[SourceVersion "1"]
[SourceVersionDate "2017.08.23"]
[SourceQuality "1"]

1. e4 c5 2. Nf3 e6 3. Qe2 Nc6 4. g3 g6 5. Bg2 Bg7 6. 0-0 Nge7 7. c3 0-0 8. d3 d5 9. e5 Rb8 10. Be3 b6 11. d4 cxd4 12. cxd4 Nf5 13. Nbd2 Qe7 14. a3 Bd7 15. b4 f6 16. b5 Nxe3 17. fxe3 Na5 18. exf6 Bxf6 19. e4 Qg7 20. e5 Be7 21. a4 Rbc8 22. Rfc1 Bb4 23. Qd3 Rfd8 24. Nb3 Qh6 25. Nfd2 Qg5 26. Nf3 Qe7 27. Nxa5 Bxa5 28. Qe3 Be8 29. Bh3 Bd7 30. Rxc8 Rxc8 31. Rc1 Rc4 32. Ng5 Rxc1+ 33. Qxc1 h6 34. Nf3 Qf8 35. Kg2 g5 36. Qc7 Qc8 37. Qd6 Qc2+ 38. Kh1 Qc1+ 39. Ng1 Qc8 40. Bg4 Qe8 41. h3 Bc3 42. Ne2 Qf7 43. Kg2 Be1 44. Bf3 h5 45. g4 hxg4 46. hxg4 Be8 47. Qd8 Qg6 48. Qe7 Bf7 49. Qxa7 Qd3 50. Qxb6 Qe3 51. Qd8+ Kh7 52. Ng1 Qf2+ 53. Kh1 Qh4+ 54. Kg2 Qg3+ 55. Kh1 Bf2 56. Bg2 Bxg1 57. Kxg1 Qe1+ 1/2-1/2

[Event "Helsingor Xtracon op"]
[Site "Helsingor"]
[Date "2017.07.24"]
[Round "4"]
[White "Klings, Peter"]
[Black "Voll, Oddvar U"]
[Result "1/2-1/2"]
[WhiteElo "2146"]
[BlackElo "1942"]
[PlyCount "53"]
[EventDate "2017.07.22"]
[EventType "swiss"]
[EventRounds "10"]
[EventCountry "DEN"]
[SourceTitle "CBM 179 Extra"]
[Source "ChessBase"]
[SourceDate "2017.08.23"]
[SourceVersion "1"]
[SourceVersionDate "2017.08.23"]
[SourceQuality "1"]

1. Nf3 Nf6 2. c4 c6 3. Nc3 d5 4. e3 g6 5. d4 Bg7 6. Be2 0-0 7. 0-0 Nbd7 8. Qc2 e6 9. Rd1 Qe7 10. b3 e5 11. cxd5 exd4 12. exd4 Nxd5 13. Nxd5 cxd5 14. a4 Re8 15. Bd3 Nf6 16. Ba3 Qd8 17. Ne5 Ng4 18. Nf3 Nh6 19. Re1 Bf5 20. Rxe8+ Qxe8 21. Re1 Qc8 22. Qd2 Qc6 23. Bb5 Qf6 24. Be7 Qb6 25. Bc5 Qf6 26. Be7 Qb6 27. Bc5 1/2-1/2

[Event "Helsingor Xtracon op"]
[Site "Helsingor"]
[Date "2017.07.22"]
[Round "1"]
[White "Voll, Oddvar U"]
[Black "Erikstad, Anders"]
[Result "1-0"]
[WhiteElo "1942"]
[BlackElo "1166"]
[PlyCount "51"]
[EventDate "2017.07.22"]
[EventType "swiss"]
[EventRounds "10"]
[EventCountry "DEN"]
[SourceTitle "CBM 179 Extra"]
[Source "ChessBase"]
[SourceDate "2017.08.23"]
[SourceVersion "1"]
[SourceVersionDate "2017.08.23"]
[SourceQuality "1"]

1. e4 c5 2. Nf3 e6 3. c3 Nc6 4. d4 cxd4 5. cxd4 Bb4+ 6. Nc3 Nge7 7. Bd3 Bxc3+ 8. bxc3 d5 9. 0-0 0-0 10. c4 dxe4 11. Bxe4 Na5 12. Bxh7+ Kxh7 13. Ng5+ Kg8 14. Qh5 Re8 15. Qh7+ Kf8 16. Qh8+ Ng8 17. Ba3+ Re7 18. Nh7+ Ke8 19. Qxg8+ Kd7 20. Qxg7 f5 21. Nf6+ Kc7 22. Bxe7 Qxd4 23. Bc5+ Qd7 24. Nxd7 Bxd7 25. Qe5+ Kc8 26. Qh8+ 1-0

[Event "Kragero op"]
[Site "Kragero"]
[Date "2017.02.26"]
[Round "9"]
[White "Voll, Oddvar U"]
[Black "Nesheim, Mathias"]
[Result "0-1"]
[WhiteElo "1988"]
[BlackElo "1970"]
[PlyCount "54"]
[EventDate "2017.02.22"]
[EventType "swiss"]
[EventRounds "9"]
[EventCountry "NOR"]
[SourceTitle "CBM 177 Extra"]
[Source "ChessBase"]
[SourceDate "2017.04.27"]
[SourceVersion "1"]
[SourceVersionDate "2017.04.27"]
[SourceQuality "1"]

1. e4 e6 2. d4 d5 3. Nd2 Nf6 4. Bd3 c5 5. e5 Nfd7 6. c3 Nc6 7. Ngf3 Be7 8. 0-0 g5 9. h3 h5 10. g4 hxg4 11. hxg4 Qb6 12. dxc5 Qc7 13. Re1 Ndxe5 14. Nxe5 Nxe5 15. Nf1 Rh4 16. b4 Nxg4 17. Qe2 Bd7 18. f3 Nh2 19. Qg2 Nxf1 20. Rxf1 0-0-0 21. f4 Rdh8 22. Qf3 Rh3 23. Qd1 Bxc5+ 24. bxc5 Qxc5+ 25. Kg2 Rh2+ 26. Kg3 R8h3+ 27. Kg4 f5+ 0-1

[Event "Kragero op"]
[Site "Kragero"]
[Date "2017.02.24"]
[Round "5"]
[White "Voll, Oddvar U"]
[Black "Stanford, Sheila Barth"]
[Result "0-1"]
[WhiteElo "1988"]
[BlackElo "2169"]
[PlyCount "114"]
[EventDate "2017.02.22"]
[EventType "swiss"]
[EventRounds "9"]
[EventCountry "NOR"]
[SourceTitle "CBM 177 Extra"]
[Source "ChessBase"]
[SourceDate "2017.04.27"]
[SourceVersion "1"]
[SourceVersionDate "2017.04.27"]
[SourceQuality "1"]

1. e4 c5 2. Nf3 d6 3. Bb5+ Nd7 4. 0-0 Ngf6 5. Re1 a6 6. Bf1 e6 7. c3 Be7 8. d4 0-0 9. h3 b6 10. Bf4 Bb7 11. Nbd2 Qc7 12. Bh2 Rfd8 13. e5 dxe5 14. dxe5 Ne8 15. Qc2 Nf8 16. Rad1 Rd7 17. Be2 Rad8 18. Nc4 b5 19. Rxd7 Rxd7 20. Ncd2 c4 21. b3 cxb3 22. axb3 Bc5 23. Ne4 Ba7 24. Rd1 Rxd1+ 25. Bxd1 Bxe4 26. Qxe4 Qxc3 27. Bg3 Qc1 28. Qd3 Nc7 29. Kh2 Nd5 30. Bh4 Qc3 31. Qe4 Qb4 32. Qd3 h6 33. Bc2 Ng6 34. Bg3 a5 35. Qd1 Nge7 36. Nd2 Qd4 37. Qe1 Nb4 38. Be4 Bb6 39. Qe2 Qc5 40. Bb1 Nbd5 41. Qd3 Ng6 42. Ne4 Qc1 43. Nd6 Nc3 44. Bc2 b4 45. Nxf7 Nf8 46. Nd6 Qg5 47. Qa6 Qd8 48. Qd3 Qa8 49. Qc4 Qa7 50. Nc8 Qc7 51. Nxb6 Qxb6 52. Bh4 g5 53. Bg3 Qb5 54. Qc8 Qe2 55. Bg6 Qd1 56. Be8 Ne2 57. h4 g4 0-1